[Event "ESP-chT CECLUB Div2"]
[Site "Linares"]
[Date "2024.08.11"]
[Round "1.38"]
[White "Casares Garcia, Luis"]
[Black "Valhondo Morales, Ruben"]
[Result "1/2-1/2"]
[WhiteElo "2022"]
[BlackElo "2124"]
[PlyCount "110"]
[EventDate "2024.08.11"]
[EventType "team-swiss"]
[EventRounds "7"]
[EventCountry "ESP"]
[SourceTitle "CBM 221 Extra"]
[Source "ChessBase"]
[SourceDate "2024.09.30"]
[SourceVersion "1"]
[SourceVersionDate "2024.09.30"]
[SourceQuality "1"]
[WhiteTeam "Solvay II"]
[BlackTeam "Metro Club"]
[WhiteTeamCountry "ESP"]
[BlackTeamCountry "ESP"]

1. e4 e5 2. Nf3 Nc6 3. Bc4 Bc5 4. c3 Nf6 5. d4 exd4 6. e5 d5 7. Be2 Ne4 8. cxd4 Bb6 9. Nc3 0-0 10. Be3 Kh8 11. 0-0 f6 12. exf6 Nxf6 13. h3 Ne7 14. Bd3 Bf5 15. Nh4 Bxd3 16. Qxd3 Qd7 17. Bg5 c6 18. Rfe1 Rae8 19. Re5 Bc7 20. Re3 Nc8 21. Rae1 Rxe3 22. Rxe3 Nd6 23. Bxf6 Rxf6 24. Qe2 Bd8 25. Nf3 h6 26. Re5 Rf8 27. Qd3 Bf6 28. g4 Bxe5 29. Nxe5 Qe6 30. Ng6+ Kg8 31. Nxf8 Kxf8 32. Kf1 Kf7 33. Qf3+ Ke7 34. Qe2 Nc4 35. b3 Nd6 36. Qxe6+ Kxe6 37. Ke2 b6 38. f4 g6 39. b4 Nf7 40. Kf3 Kd6 41. Ke3 Nd8 42. h4 Ke6 43. Ne2 Nf7 44. Ng3 Kf6 45. h5 g5 46. Nf5 a6 47. a3 b5 48. Kf3 Ke6 49. Nxh6 Nxh6 50. fxg5 Nf7 51. Kf4 Nd6 52. g6 Kf6 53. g5+ Kg7 54. Kg4 Ne4 55. Kf4 Nd6 1/2-1/2

[Event "ESP-ch U18"]
[Site "Salobrena"]
[Date "2019.07.22"]
[Round "2"]
[White "Ledesma Claros, Daniel"]
[Black "Casares Garcia, Luis"]
[Result "1-0"]
[WhiteElo "2061"]
[BlackElo "1639"]
[PlyCount "68"]
[EventDate "2019.07.22"]
[EventType "swiss"]
[EventRounds "9"]
[EventCountry "ESP"]
[SourceTitle "CBM 191 Extra"]
[Source "ChessBase"]
[SourceDate "2019.09.30"]
[SourceVersion "1"]
[SourceVersionDate "2019.09.30"]
[SourceQuality "1"]

1. e4 c5 2. Nc3 Nc6 3. f4 d6 4. Nf3 a6 5. a4 Bg4 6. Be2 e6 7. 0-0 Bxf3 8. Bxf3 Nd4 9. d3 g6 10. f5 Bg7 11. Ne2 Rb8 12. Nf4 e5 13. Nd5 Nf6 14. Bg5 0-0 15. Bg4 h5 16. Bxf6 Bxf6 17. Nxf6+ Qxf6 18. fxg6 Qxg6 19. Bxh5 Qg5 20. c3 Ne6 21. Qg4 Kg7 22. a5 Qxg4 23. Bxg4 Nf4 24. Rf3 Rh8 25. Raf1 Rh4 26. Bd7 Rbh8 27. h3 f6 28. Kh2 R4h6 29. d4 Kf7 30. Bf5 cxd4 31. cxd4 Ke7 32. Rc1 d5 33. Rc7+ Kd8 34. Rxb7 dxe4 1-0